书目信息 |
| 题名: |
毁灭人类的核武器
|
|
| 作者: | 《毁灭人类的核武器》写组 编 | |
| 分册: | ||
| 出版信息: | 广州 广东世界图书出版社 2010.06 |
|
| 页数: | 201页 | |
| 开本: | 21m | |
| 丛书名: | ||
| 单 册: | ||
| 中图分类: | E928-49 | |
| 科图分类: | ||
| 主题词: | 武器--军事技术 , 军用器材--军事技术 | |
| 电子资源: | ||
| ISBN: | 978-7-5100-2049-0 | |
| 000 | 00711nam0 2200205 450 | |
| 001 | 1152495819 | |
| 005 | 20111221143902.00 | |
| 010 | @a978-7-5100-2049-0@dCNY25.80 | |
| 100 | @a20111221d2010 km y0chiy0120 ea | |
| 101 | 0 | @achi |
| 102 | @aCN@b440000 | |
| 200 | 1 | @a毁灭人类的核武器@Ahui mie ren lei de he wu qi@f《毁灭人类的核武器》写组编@F《hui mie ren lei de he wu qi》xie zu bian |
| 210 | @a广州@c广东世界图书出版社@d2010.06 | |
| 215 | @a201页@d21m | |
| 606 | 0 | @a武器@x军事技术 |
| 606 | 0 | @a军用器材@x军事技术 |
| 690 | @aE928-49@v4 | |
| 701 | 0 | @a《毁灭人类的核武器》写组@A《hui mie ren lei de he wu qi》xie zu@4编 |
| 801 | 0 | @aCN@b大连网信软件有限公司图书馆·11@c20111221 |
| 905 | @aZUCC@dE928-49@eH938.91 | |
| 毁灭人类的核武器/《毁灭人类的核武器》写组编.-广州:广东世界图书出版社,2010.06 |
| 201页;21m |
| ISBN 978-7-5100-2049-0:CNY25.80 |
| ● |
| 相关链接 |
|
|
|
正题名:毁灭人类的核武器
索取号:E928-49/H938.91
 
预约/预借
| 序号 | 登录号 | 条形码 | 馆藏地/架位号 | 状态 | 备注 |
| 1 | 827433 | 208274339 | 社科库509/509社科库 128排1列2层/ [索取号:E928-49/H938.91] | 在馆 | |
| 2 | 827434 | 208274348 | 社科库509/509社科库 128排1列2层/ [索取号:E928-49/H938.91] | 在馆 | |
| 3 | 827435 | 208274357 | 社科库509/509社科库 128排1列2层/ [索取号:E928-49/H938.91] | 在馆 |